Assessment of awareness in mobile phone waste recycling program among consumers in Kuala Lumpur /
Saved in:
| Main Author: | |
|---|---|
| Format: | Thesis Book |
| Language: | English |
| Published: |
2019.
|
| Subjects: | |
| Online Access: | http://studentsrepo.um.edu.my/11350/ |
| Tags: |
Add Tag
No Tags, Be the first to tag this record!
|
| LEADER | 01658cam a2200385 i 4500 | ||
|---|---|---|---|
| 001 | u1122428 | ||
| 003 | SIRSI | ||
| 005 | 201909131015 | ||
| 008 | 190913s2019 my a m 000 0 eng | ||
| 040 | |a UMM |d UMJ |e rda | ||
| 043 | |a a-my--- | ||
| 090 | |a TD7 |b UM 2019 Nursk | ||
| 097 | |a TD7 |b UM 2019 Nursk | ||
| 100 | 0 | |a Nur Syazwina Kamardzaman. | |
| 245 | 1 | 0 | |a Assessment of awareness in mobile phone waste recycling program among consumers in Kuala Lumpur / |c Nur Syazwina Kamardzaman. |
| 264 | 1 | |c 2019. | |
| 300 | |a xv, 74 leaves : |b illustrations ; |c 30 cm | ||
| 336 | |a text |2 rdacontent | ||
| 337 | |a unmediated |2 rdamedia | ||
| 337 | |a computer |2 rdamedia | ||
| 338 | |a volume |2 rdacarrier | ||
| 338 | |a computer disc |2 rdacarrier | ||
| 502 | |b M.Eng. |c Jabatan Kejuruteraan Kimia, Fakulti Kejuruteraan, Universiti Malaya |d 2019. | ||
| 504 | |a Bibliography: leaves 65-68. | ||
| 530 | |a Also issued in CD. | ||
| 650 | 0 | |a Cell phones |x Security measures. | |
| 650 | 0 | |a Refuse and refuse disposal. | |
| 650 | 0 | |a Electronic waste |x Recycling |z Malaysia |z Kuala Lumpur (W.P.) | |
| 710 | 2 | |a Universiti Malaya. |b Jabatan Kejuruteraan Kimia, |e degree granting institution. | |
| 856 | 4 | 1 | |u http://studentsrepo.um.edu.my/11350/ |
| 596 | |a 1 7 | ||
| 900 | |a NSM | ||
| 999 | |a TD7 UM 2019 NURSK |w LC |c 1 |i A517374235 |f 26/9/2019 |g 1 |l STACKS |m P01UTAMA |r Y |s Y |t TESIS |u 13/9/2019 |1 STEM |o .STAFF. Agreement & CD disimpan oleh Perpustakaan Kejuruteraan. | ||
| 999 | |a TD7 UM 2019 NURSK |w LC |c 1 |i A517446524 |f 23/6/2020 |g 1 |l STACKS |m P07JURUTER |r N |s Y |t TESIS |u 23/6/2020 |1 STEM | ||
| 999 | |a TD7 UM 2019 NURSK |w LC |c 2 |i A517446498 |f 23/6/2020 |g 1 |l COUNTER |m P07JURUTER |r N |s Y |t CD |u 23/6/2020 |1 STEM | ||
